000
00264nam a22001097a 4500
082
_a
355.02 HEN'C
100
_a
HENDERSON, G. F. R
_9
46591
245
_a
THE CIVIL WAR A SOLDIER VIEW
260
_a
U.S.A
_b
UNIVERSITY OF CHICAGO
_c
1958
300
_a
322P
942
_c
BK
999
_c
567945
_d
567945